| 000 | nam a22 a 4500 | ||
|---|---|---|---|
| 999 |
_c1240 _d1240 |
||
| 003 | AKMAL | ||
| 005 | 20170508163317.0 | ||
| 008 | 1 s2000 my 00 may d | ||
| 020 |
_a9832087155 (kkt. ): _cRM22.50 |
||
| 040 | _aAKMAL | ||
| 082 | 0 | 4 | _a297.6 HIM |
| 090 | 0 | 0 |
_a297.6 _bHIM |
| 245 | 0 | 0 |
_aHimpunan mutiara kata para bijaksana untuk muhasabah diri : _bal-khulafa' ar-rasyidin, sahabat nabi s.a.w., imam mazhab, ahli tasawuf & para ulama' / _cpenyusun: Muhammad Baihaqi |
| 260 |
_aKuala lumpur : _bJasmin Enterprise, _c2000 |
||
| 300 | 0 | 0 |
_axiv, 452ms. ; _c22cm |
| 650 | 0 |
_aSufis _vQuotations _92469 |
|
| 650 | 0 |
_aQuotations, Muslim _92470 |
|
| 650 | 0 |
_aIslam _xSacred books _xQuotations _92471 |
|
| 650 | 0 |
_aUlama _xQuotations _92472 |
|
| 700 | 0 |
_aMuhammad Baihaqi _91331 |
|
| 740 | 0 | 2 | _aHimpunan mutiara kata para bijaksana untuk muhasabah diri: al-khulafa' ar-rasyidin, sahabat nabi s.a.w., imam mazhab, ahli tasawuf dan para ulama' |
| 942 |
_2ddc _cBOOK |
||